[Event "IBCA Wch blind 14th"]
[Site "Cagliari"]
[Date "2019.04.14"]
[Round "9"]
[White "Badano, Giancarlo"]
[Black "Znuderl, Matej"]
[Result "0-1"]
[WhiteElo "1857"]
[BlackElo "1918"]
[PlyCount "110"]
[EventDate "2019.04.06"]
[EventType "swiss"]
[EventRounds "9"]
[EventCountry "ITA"]
[SourceTitle "CBM 189 Extra"]
[Source "ChessBase"]
[SourceDate "2019.06.03"]
[SourceVersion "1"]
[SourceVersionDate "2019.06.03"]
[SourceQuality "1"]

1. e4 c5 2. Nc3 Nc6 3. g3 g6 4. Bg2 Bg7 5. f4 Rb8 6. a4 e6 7. Nf3 d6 8. 0-0 Nge7 9. d3 0-0 10. Ne2 b5 11. c3 b4 12. Be3 bxc3 13. bxc3 Ba6 14. Qc2 Qa5 15. Rfb1 Rfc8 16. Kf2 Rxb1 17. Rxb1 Rc7 18. Bd2 Rb7 19. Rxb7 Bxb7 20. Qb3 Qa6 21. d4 Na5 22. Qc2 cxd4 23. cxd4 Qc4 24. Qc3 Nec6 25. Qxc4 Nxc4 26. Bc3 Nb6 27. d5 exd5 28. exd5 Nxd5 29. Bxg7 Kxg7 30. Nfd4 Nxd4 31. Nxd4 a6 32. f5 Kf6 33. fxg6 hxg6 34. Nb3 Ba8 35. Nd4 Nc7 36. Nc6 Bxc6 37. Bxc6 Ke5 38. Ke3 d5 39. Bd7 a5 40. Kd3 Ne6 41. Bb5 g5 42. h3 Nc5+ 43. Ke3 f5 44. h4 Ne4 45. hxg5 Nxg5 46. Bd7 Ne4 47. Bc6 Nc5 48. Be8 Ne4 49. Kf3 d4 50. Bc6 d3 51. Ke3 d2 52. Ke2 Kd4 53. Kd1 Ke3 54. Bxe4 fxe4 55. g4 Kd3 0-1

[Event "Acqui Terme Collino op 2nd"]
[Site "Acqui Terme"]
[Date "2017.11.05"]
[Round "4"]
[White "Torriano, Enzo"]
[Black "Badano, Giancarlo"]
[Result "1/2-1/2"]
[WhiteElo "1758"]
[BlackElo "1863"]
[PlyCount "37"]
[EventDate "2017.11.03"]
[EventType "swiss"]
[EventRounds "5"]
[EventCountry "ITA"]
[SourceTitle "CBM 181 Extra"]
[Source "ChessBase"]
[SourceDate "2017.12.12"]
[SourceVersion "1"]
[SourceVersionDate "2017.12.12"]
[SourceQuality "1"]

1. e4 e6 2. b3 d5 3. Bb2 c5 4. exd5 exd5 5. d4 Nf6 6. Nf3 Be6 7. Be2 Bd6 8. 0-0 0-0 9. Nbd2 Nc6 10. c4 cxd4 11. Bxd4 dxc4 12. Nxc4 Bf4 13. Be3 Bxe3 14. Nxe3 Qe7 15. Bc4 Rfd8 16. Qe2 Bxc4 17. Qxc4 Qe4 18. Rac1 Qxc4 19. Rxc4 1/2-1/2

[Event "IBCA-ol blind 15th"]
[Site "Ohrid"]
[Date "2017.06.28"]
[Round "9.2"]
[White "Babarykin, Stanislav"]
[Black "Badano, Giancarlo"]
[Result "1-0"]
[WhiteElo "2332"]
[BlackElo "1857"]
[PlyCount "57"]
[EventDate "2017.06.19"]
[EventType "team-swiss"]
[EventRounds "9"]
[EventCountry "MKD"]
[SourceTitle "CBM 179 Extra"]
[Source "ChessBase"]
[SourceDate "2017.08.23"]
[SourceVersion "1"]
[SourceVersionDate "2017.08.23"]
[SourceQuality "1"]
[WhiteTeam "Russia"]
[BlackTeam "Italy"]
[WhiteTeamCountry "RUS"]
[BlackTeamCountry "ITA"]

1. d4 d5 2. Bf4 Nf6 3. e3 Bf5 4. c4 c6 5. Nc3 e6 6. Qb3 Qb6 7. c5 Qxb3 8. axb3 Nbd7 9. b4 Be7 10. h3 0-0 11. b5 cxb5 12. Bxb5 a6 13. Be2 Ne4 14. Nf3 f6 15. Nh4 Bg6 16. Nxg6 hxg6 17. Nxe4 dxe4 18. Bc4 Kf7 19. b4 Rfc8 20. Ke2 g5 21. Bg3 f5 22. d5 Nf8 23. Rhd1 Bf6 24. dxe6+ Nxe6 25. Rd7+ Be7 26. Rad1 Kf6 27. Rxb7 Nd8 28. Rb6+ Rc6 29. Rxd8 1-0

[Event "IBCA-ol blind 15th"]
[Site "Ohrid"]
[Date "2017.06.26"]
[Round "7.2"]
[White "Gelman, Gennadiy"]
[Black "Badano, Giancarlo"]
[Result "0-1"]
[WhiteElo "1694"]
[BlackElo "1857"]
[PlyCount "139"]
[EventDate "2017.06.19"]
[EventType "team-swiss"]
[EventRounds "9"]
[EventCountry "MKD"]
[SourceTitle "CBM 179 Extra"]
[Source "ChessBase"]
[SourceDate "2017.08.23"]
[SourceVersion "1"]
[SourceVersionDate "2017.08.23"]
[SourceQuality "1"]
[WhiteTeam "Azerbaijan"]
[BlackTeam "Italy"]
[WhiteTeamCountry "AZE"]
[BlackTeamCountry "ITA"]

1. b3 Nf6 2. e3 g6 3. Bb2 Bg7 4. f4 d6 5. Nf3 0-0 6. c4 c5 7. Be2 Nc6 8. a3 b6 9. 0-0 Bb7 10. h3 d5 11. Qc2 d4 12. g4 Qd6 13. Ne1 Rad8 14. e4 e5 15. d3 exf4 16. g5 Nd7 17. Bc1 Be5 18. Ng2 f6 19. gxf6 Rxf6 20. Nd2 Rdf8 21. Nf3 Nd8 22. Nh2 h5 23. Nf3 Ne6 24. h4 Bc8 25. Bd2 Nb8 26. b4 Nc6 27. Rf2 Qc7 28. Raf1 Bd6 29. b5 Ne5 30. Ng5 Ng4 31. Rf3 Nxg5 32. hxg5 R6f7 33. Nh4 Kg7 34. Ng2 Ne3 35. Nxe3 fxe3 36. Be1 Rxf3 37. Rxf3 Rxf3 38. Bxf3 Qf7 39. Qg2 Qf4 40. a4 Bg4 41. Bxg4 Qxg4 42. Qxg4 hxg4 43. a5 bxa5 44. Bxa5 Kf7 45. Kg2 Ke6 46. Be1 Bf4 47. Ba5 Kd7 48. Be1 Kc8 49. Ba5 Kb7 50. Be1 a6 51. bxa6+ Kxa6 52. Kg1 Bxg5 53. Bg3 Be7 54. Kg2 Ka5 55. Bc7+ Ka6 56. Kg3 Kb7 57. Ba5 Kc6 58. Kxg4 Kd7 59. Be1 Ke6 60. Ba5 Bd6 61. Be1 Kf6 62. Bh4+ Kf7 63. Be1 Bc7 64. Kf3 Kg7 65. Bh4 Bd6 66. Ke2 Kf8 67. Kf3 Kf7 68. Kg4 Be7 69. Be1 Ke6 70. Kf3 0-1

[Event "Arco op 36th"]
[Site "Arco"]
[Date "2014.10.05"]
[Round "2"]
[White "Badano, Giancarlo"]
[Black "Ager, Josef"]
[Result "0-1"]
[WhiteElo "1936"]
[BlackElo "2125"]
[PlyCount "78"]
[EventDate "2014.10.04"]
[EventType "swiss"]
[EventRounds "9"]
[EventCountry "ITA"]
[SourceTitle "EXT 2016"]
[Source "ChessBase"]
[SourceDate "2015.10.08"]
[SourceVersion "1"]
[SourceVersionDate "2015.10.08"]
[SourceQuality "1"]

1. e4 g6 2. d4 Bg7 3. Bc4 c6 4. c3 d5 5. exd5 cxd5 6. Bd3 Nc6 7. Bf4 Nf6 8. Nf3 Nh5 9. Be3 Bg4 10. Nbd2 0-0 11. h3 Bc8 12. g4 Nf6 13. Bf4 Nd7 14. Bb5 a6 15. Bxc6 bxc6 16. Qa4 Qb6 17. Qb3 Qa7 18. 0-0 Bb7 19. Rfe1 Rfe8 20. Ne5 Nxe5 21. Bxe5 f6 22. Bg3 Bc8 23. Ne4 Bd7 24. Nc5 e5 25. Re2 exd4 26. Rxe8+ Rxe8 27. cxd4 f5 28. Nxd7 Qxd7 29. Qb6 fxg4 30. hxg4 Re4 31. Qxa6 Bxd4 32. Kg2 Rxg4 33. Qa8+ Kf7 34. Rc1 c5 35. Rd1 h5 36. Kf1 h4 37. Bb8 Qb5+ 38. Ke1 Re4+ 39. Kd2 Re2+ 0-1

[Event "Arco op 36th"]
[Site "Arco"]
[Date "2014.10.04"]
[Round "1"]
[White "Milano, Maria"]
[Black "Badano, Giancarlo"]
[Result "0-1"]
[WhiteElo "1614"]
[BlackElo "1936"]
[PlyCount "86"]
[EventDate "2014.10.04"]
[EventType "swiss"]
[EventRounds "9"]
[EventCountry "ITA"]
[SourceTitle "EXT 2016"]
[Source "ChessBase"]
[SourceDate "2015.10.08"]
[SourceVersion "1"]
[SourceVersionDate "2015.10.08"]
[SourceQuality "1"]

1. d4 d5 2. c4 e6 3. Nf3 Nf6 4. g3 Be7 5. Bg2 0-0 6. Qc2 Nbd7 7. 0-0 b6 8. Nbd2 Bb7 9. Ne5 Nxe5 10. dxe5 Nd7 11. cxd5 Bxd5 12. e4 Bb7 13. Nf3 Nc5 14. Re1 Qd3 15. Qxd3 Nxd3 16. Re2 Ba6 17. Rc2 Bc5 18. Bg5 h6 19. Bf4 g5 20. Be3 Bxe3 21. fxe3 c5 22. Bf1 g4 23. Nh4 Rfd8 24. Rd2 c4 25. Rad1 Rd7 26. Ng2 Rad8 27. Nf4 Nxe5 28. Rxd7 Rxd7 29. Rxd7 Nxd7 30. Nh5 Ne5 31. Be2 c3 32. Nf6+ Kh8 33. bxc3 Bxe2 34. Kf2 Bb5 35. Nh5 Kh7 36. Nf4 Nd3+ 37. Nxd3 Bxd3 38. e5 Kg6 39. Ke1 Kf5 40. Kd2 Bc4 41. a3 Kxe5 42. Kc2 Ke4 43. Kd2 b5 0-1

[Event "W-ch Disabled"]
[Site "Dresden"]
[Date "2013.10.28"]
[Round "7"]
[White "Badano, Giancarlo"]
[Black "Alchinidi, Yuri"]
[Result "1-0"]
[WhiteElo "1920"]
[BlackElo "1997"]
[PlyCount "75"]
[EventDate "2013.10.22"]
[EventType "swiss"]
[EventRounds "7"]
[EventCountry "GER"]
[SourceTitle "CBM 157 Extra"]
[Source "ChessBase"]
[SourceDate "2013.12.19"]
[SourceVersion "1"]
[SourceVersionDate "2013.12.19"]
[SourceQuality "1"]

1. e4 e5 2. Nf3 Nc6 3. Bc4 Bc5 4. d3 Nf6 5. Nc3 0-0 6. 0-0 d6 7. h3 h6 8. Na4 Bb6 9. Nxb6 axb6 10. Be3 Na5 11. Nd2 Nxc4 12. dxc4 Be6 13. Qe2 Qe8 14. b3 Nh7 15. g4 f6 16. Kh2 Qg6 17. Rg1 Ng5 18. f3 h5 19. h4 Nh7 20. a4 Qe8 21. Qg2 hxg4 22. fxg4 g5 23. h5 Rf7 24. Raf1 Kf8 25. Rf2 Ke7 26. Kg3 Nf8 27. Rgf1 Nd7 28. Nb1 Nc5 29. Nc3 Bd7 30. Nd5+ Kd8 31. Nxf6 Qe6 32. Nxd7 Rxf2 33. Rxf2 Kxd7 34. Bxc5 bxc5 35. Qf3 Kc6 36. Qf7 Qh6 37. Rf6 Qh8 38. h6 1-0

[Event "Senigallia op 6th"]
[Site "Senigallia"]
[Date "2009.07.22"]
[Round "3"]
[White "Badano, Giancarlo"]
[Black "Pizzi, Mario"]
[Result "1-0"]
[WhiteElo "1957"]
[BlackElo "1864"]
[PlyCount "51"]
[EventDate "2009.07.20"]
[EventType "swiss"]
[EventRounds "7"]
[EventCountry "ITA"]
[SourceTitle "EXT 2012"]
[Source "ChessBase"]
[SourceDate "2011.11.24"]
[SourceVersion "1"]
[SourceVersionDate "2011.11.24"]
[SourceQuality "1"]

1. e4 e5 2. Nf3 d6 3. d4 exd4 4. Nxd4 Be7 5. Bd3 Nf6 6. 0-0 0-0 7. b3 Bg4 8. f3 Bh5 9. Nf5 Nbd7 10. Bb2 Re8 11. Nd2 Bf8 12. Qe1 Bg6 13. g4 Bxf5 14. gxf5 c6 15. Qg3 Nh5 16. Qg4 Ndf6 17. Qg5 g6 18. fxg6 hxg6 19. Kh1 Nh7 20. Qg4 Qc8 21. Qxh5 gxh5 22. Rg1+ Bg7 23. Rxg7+ Kf8 24. Rxh7 Qe6 25. e5 d5 26. Ba3+ 1-0

[Event "ITA-chT UISP 23rd"]
[Site "Rimini"]
[Date "2002.12.??"]
[Round "3"]
[White "Restivo, Antonio"]
[Black "Badano, Giancarlo"]
[Result "0-1"]
[WhiteElo "1600"]
[BlackElo "1675"]
[PlyCount "64"]
[EventDate "2002.12.??"]
[EventType "team"]
[EventRounds "6"]
[EventCountry "ITA"]
[SourceTitle "EXT 2024"]
[Source "ChessBase"]
[SourceDate "2023.10.10"]
[SourceVersion "1"]
[SourceVersionDate "2023.10.10"]
[SourceQuality "1"]

1. e4 e6 2. d4 d5 3. Nc3 Nf6 4. e5 Nfd7 5. f4 c5 6. Nce2 Nc6 7. c3 b6 8. Nf3 Ba6 9. Be3 Be7 10. Ng3 Bxf1 11. Rxf1 g6 12. Qd2 0-0 13. Ne2 f5 14. h3 cxd4 15. Bxd4 Nc5 16. Bxc5 bxc5 17. g4 Rb8 18. 0-0-0 Qa5 19. Kb1 c4 20. Rc1 Rb6 21. Rc2 Ra6 22. Nc1 Rb8 23. gxf5 exf5 24. h4 Rab6 25. Ka1 Ba3 26. Rd1 Bxb2+ 27. Rxb2 Rxb2 28. Qxb2 Rxb2 29. Kxb2 Qb6+ 30. Ka1 Qe3 31. Ne2 Qxf3 32. Nd4 Qxc3+ 0-1

[Event "Secondario 15th"]
[Site "Caorle"]
[Date "1990.07.14"]
[Round "8.31"]
[White "Badano, Giancarlo"]
[Black "Cristiani, Cesare"]
[Result "0-1"]
[WhiteElo "1700"]
[BlackElo "1918"]
[PlyCount "50"]
[EventDate "1990.07.07"]
[EventType "swiss"]
[EventRounds "8"]
[EventCountry "ITA"]
[SourceTitle "EXT 2023"]
[Source "ChessBase"]
[SourceDate "2022.10.05"]
[SourceVersion "1"]
[SourceVersionDate "2022.10.05"]
[SourceQuality "1"]

1. e4 e6 2. d4 d5 3. exd5 exd5 4. Bd3 c5 5. Qe2+ Be7 6. Bb5+ Nc6 7. dxc5 Nf6 8. c3 0-0 9. Bxc6 bxc6 10. Be3 Re8 11. b4 a5 12. Nf3 axb4 13. cxb4 Ba6 14. Qc2 Ng4 15. Nbd2 Bf6 16. 0-0-0 Nxe3 17. fxe3 Rxe3 18. Nb1 Bc4 19. a3 Raxa3 20. Nxa3 Rxa3 21. Qxc4 Rc3+ 22. Qxc3 Bxc3 23. Nd4 Qc7 24. g3 Bxb4 25. Nb3 Qa7 0-1

[Event "Secondario 15th"]
[Site "Caorle"]
[Date "1990.07.08"]
[Round "2.51"]
[White "Badano, Giancarlo"]
[Black "Busato, Antonio"]
[Result "1-0"]
[WhiteElo "1700"]
[BlackElo "1800"]
[PlyCount "91"]
[EventDate "1990.07.07"]
[EventType "swiss"]
[EventRounds "8"]
[EventCountry "ITA"]
[SourceTitle "EXT 2023"]
[Source "ChessBase"]
[SourceDate "2022.10.05"]
[SourceVersion "1"]
[SourceVersionDate "2022.10.05"]
[SourceQuality "1"]

1. e4 d6 2. d4 Nf6 3. Nc3 g6 4. f4 Bg7 5. Nf3 c5 6. Bd3 cxd4 7. Nxd4 Qb6 8. Nb3 0-0 9. h3 Nc6 10. Qf3 Nb4 11. Be3 Nxd3+ 12. cxd3 Qa6 13. Bf2 Bd7 14. 0-0 Bc6 15. Rac1 Nd7 16. d4 f5 17. Nd2 fxe4 18. Ndxe4 Nf6 19. Nxf6+ Rxf6 20. Qe3 Re8 21. d5 Bd7 22. Qxa7 Rxf4 23. Qxa6 bxa6 24. Be3 Rb4 25. b3 Rc8 26. Ne2 Re4 27. Kf2 Rf8+ 28. Nf4 Rfxf4+ 29. Bxf4 Rxf4+ 30. Kg3 Rxf1 31. Rxf1 Be5+ 32. Kf3 Bb5 33. Rc1 Kf7 34. a4 Bd3 35. Ke3 Bf5 36. g4 g5 37. Kf3 Bd3 38. b4 Bb2 39. Rc6 Kf6 40. b5 axb5 41. axb5 Ke5 42. b6 Be4+ 43. Ke2 Bd4 44. b7 Ba7 45. Ra6 Bb8 46. Ra8 1-0